Statistics for KPOP: Group to Name

Click here to take the quiz!

General Stats

  • This quiz has been taken 12,427 times
  • The average score is 12 of 22

Answer Stats

Answer% Correct
D.OEXO
93%
ChanyeolEXO
93%
WendyRed Velvet
93%
JoyRed Velvet
93%
SunnySNSD
82%
YuriSNSD
82%
Jihyun4Minute
73%
Hyuna4Minute
73%
MinhyukBTOB
57%
ChangseubBTOB
57%
HyorinSISTAR
55%
SoyouSISTAR
55%
MinhyunNu'est
42%
AronNu'est
42%
NanaAfter School
38%
MinMiss A
37%
JiaMiss A
37%
WoohyunInfinite
32%
HenrySuper Junior-M
27%
SeungyeonKARA
24%
Young JiKARA
24%
TaeyeonShe'z
0%

Score Distribution

Percentile by Number Answered

Percent of People with Each Score

Your Score History

You have not taken this quiz